Eastern Utah Libraries Catalog: Duchesne, Heber, Roosevelt, & Vernal

Ada Twist and the perilous pants / (Record no. 355626)

MARC details
000 -LEADER
fixed length control field 01860pam a2200409 i 4500
001 - CONTROL NUMBER
control field 2018047569
003 - CONTROL NUMBER IDENTIFIER
control field DLC
005 - DATE AND TIME OF LATEST TRANSACTION
control field 20201112164759.0
007 - PHYSICAL DESCRIPTION FIXED FIELD--GENERAL INFORMATION
fixed length control field t|
008 - FIXED-LENGTH DATA ELEMENTS--GENERAL INFORMATION
fixed length control field 181030s2019 nyua b 000 1 eng
010 ## - LIBRARY OF CONGRESS CONTROL NUMBER
LC control number 2018047569
020 ## - INTERNATIONAL STANDARD BOOK NUMBER
International Standard Book Number 9781419734229
Qualifying information hardback
035 ## - SYSTEM CONTROL NUMBER
System control number 1217251
040 ## - CATALOGING SOURCE
Original cataloging agency DLC
Language of cataloging eng
Description conventions rda
Transcribing agency DLC
Modifying agency NjBwBT
-- IMmBT
-- UtOrBLW
042 ## - AUTHENTICATION CODE
Authentication code pcc
-- lcac
092 ## - LOCALLY ASSIGNED DEWEY CALL NUMBER (OCLC)
Classification number junior fiction
Item number Beaty
100 1# - MAIN ENTRY--PERSONAL NAME
Personal name Beaty, Andrea,
Relator term author.
Relator code aut.
9 (RLIN) 5750567
245 10 - TITLE STATEMENT
Title Ada Twist and the perilous pants /
Statement of responsibility, etc by Andrea Beaty ; illustrated by David Roberts.
264 #1 - Production, Publication, Distribution, Manufacture, and Copyright Notice.
Place of production, publication, distribution, manufacture New York :
Name of producer, publisher, distributor, manufacturer Amulet Books,
Date of production, publication, distribution, manufacture, or copyr 2019.
300 ## - PHYSICAL DESCRIPTION
Extent 133 pages :
Other physical details illustrations (chiefly color) ;
Dimensions 22 cm.
336 ## - Content Type
Content type term text
337 ## - Media type
Media type term unmediated
338 ## - Carrier type
Carrier type term volume
490 1# - SERIES STATEMENT
Series statement The Questioneers ;
Volume number/sequential designation 2.
520 ## - SUMMARY, ETC.
Summary, etc "When Rosie Revere's Uncle Ned gets a little carried away wearing his famous helium pants, it's up to Ada and friends to chase him down. As Uncle Ned floats farther and farther away, Ada starts asking lots of questions: How high can a balloon float? Is it possible for Uncle Ned to float into outer space? And what's the best plan for getting him down?"--
520 ## - SUMMARY, ETC.
Summary, etc After Rosie Revere's Uncle Ned gets carried away wearing his famous helium pants, Ada and her friends must find a way to get him down before he floats too far away.
521 8# - TARGET AUDIENCE NOTE
Target audience note 560
Source Lexile.
526 0# - STUDY PROGRAM INFORMATION NOTE
Program name Accelerated Reader
Interest level LG
Reading level 4.0
Title point value 1.0
Public note 501145.
650 #0 - SUBJECT ADDED ENTRY--TOPICAL TERM
Topical term or geographic name as entry element Questions and answers
Form subdivision Fiction.
9 (RLIN) 5686065
650 #0 - SUBJECT ADDED ENTRY--TOPICAL TERM
Topical term or geographic name as entry element Scientists
Form subdivision Fiction.
9 (RLIN) 5674672
650 #1 - SUBJECT ADDED ENTRY--TOPICAL TERM
Topical term or geographic name as entry element Questions and answers
Form subdivision Fiction.
9 (RLIN) 5686065
650 #1 - SUBJECT ADDED ENTRY--TOPICAL TERM
Topical term or geographic name as entry element Scientists
Form subdivision Fiction.
9 (RLIN) 5674672
700 1# - ADDED ENTRY--PERSONAL NAME
Personal name Roberts, David,
Dates associated with a name 1970-
Relator term illustrator.
9 (RLIN) 57141
800 1# - SERIES ADDED ENTRY--PERSONAL NAME
Personal name Beaty, Andrea.
Title of a work Questioneers ;
Volume/sequential designation 2.
9 (RLIN) 6368649
907 ## - LOCAL DATA ELEMENT G, LDG (RLIN)
a .b401333024
942 ## - ADDED ENTRY ELEMENTS (KOHA)
Source of classification or shelving scheme Dewey Decimal Classification
Koha item type BOOK
Holdings
Withdrawn status Lost status Source of classification or shelving scheme Damaged status Not for loan Collection code Home library Current library Shelving location Date acquired Source of acquisition Serial Enumeration / chronology Total Checkouts Total Renewals Full call number Barcode Date last seen Date checked out Cost, replacement price Price effective from Koha item type
    Dewey Decimal Classification     Junior Fiction Wasatch County Library Wasatch County Library Main Floor Junior Area 11/12/2020 Micromarketing #2 5 5 J Beaty 34301001662826 04/16/2024 03/09/2024 12.99 11/12/2020 BOOK
This project was made possible through a grant from the Institute of Museum and Library Service administered by the Utah State Library Division.

Wasatch County Library

  • 465 East 1200 South, Heber City, Utah 84032
  • Phone 435-654-1511 | Fax 435-654-6456

Hours

  • Monday - Friday 9:30 AM - 8:00 PM
  • Saturday 9:30 AM - 1:30 PM
  • Closed Sundays and Holidays